000 00485 a2200181 4500
005 20260427155655.0
008 260427b |||||||| |||| 00| 0 eng d
020 _a9780008463861
040 _cSDCL
041 _2eng
_aeng
084 _aV2y7M89 R2
100 _aSingh, Tripurdaman
_91235790
245 _aNehru :
_bThe Debates that Defined India
260 _aLondon :
_bHarperCollins,
_c2022.
300 _axv, 272p.
700 _aHussain, Adeel
_91111689
942 _cTEXL
_2CC
999 _c1848569
_d1848569